[Event "Tabor op"]
[Site "Tabor"]
[Date "2010.08.07"]
[Round "8"]
[White "Straka, Zdenek"]
[Black "Hess, Pavel"]
[Result "1-0"]
[WhiteElo "2011"]
[BlackElo "1892"]
[PlyCount "83"]
[EventDate "2010.08.01"]
[EventType "swiss"]
[EventRounds "9"]
[EventCountry "CZE"]
[SourceTitle "EXT 2012"]
[Source "ChessBase"]
[SourceDate "2011.11.24"]
[SourceVersion "1"]
[SourceVersionDate "2011.11.24"]
[SourceQuality "1"]

1. d4 Nf6 2. c4 g6 3. g3 Bg7 4. Bg2 d6 5. Nf3 0-0 6. Nc3 Nbd7 7. 0-0 c5 8. e3 a6 9. a4 cxd4 10. exd4 d5 11. b3 dxc4 12. bxc4 Nb6 13. Qb3 Be6 14. d5 Nbxd5 15. Nxd5 Nxd5 16. cxd5 Bxd5 17. Qa3 Bxa1 18. Qxa1 f6 19. Rd1 Qa5 20. Bd2 Qb6 21. Be3 Qa5 22. Bd2 Qb6 23. a5 Qe6 24. Bb4 Rfd8 25. Re1 Qg4 26. Qa3 e5 27. Be7 e4 28. Nd4 Rd7 29. Bxf6 Rf8 30. h3 Qh5 31. g4 Qh6 32. g5 Qh4 33. Ne2 Rxf6 34. gxf6 Qxf6 35. Ng3 Rf7 36. Qe3 Bc6 37. Nxe4 Bxe4 38. Bxe4 Kg7 39. Qd2 Qh4 40. Bg2 Qf6 41. Rb1 Qf5 42. Rb6 1-0

[Event "Tabor op"]
[Site "Tabor"]
[Date "2010.08.05"]
[Round "6"]
[White "Buzek, Ivo"]
[Black "Hess, Pavel"]
[Result "0-1"]
[WhiteElo "1487"]
[BlackElo "1892"]
[PlyCount "46"]
[EventDate "2010.08.01"]
[EventType "swiss"]
[EventRounds "9"]
[EventCountry "CZE"]
[SourceTitle "EXT 2012"]
[Source "ChessBase"]
[SourceDate "2011.11.24"]
[SourceVersion "1"]
[SourceVersionDate "2011.11.24"]
[SourceQuality "1"]

1. e4 c5 2. Nf3 d6 3. d4 cxd4 4. Nxd4 Nf6 5. Nc3 a6 6. Bd3 e5 7. Nf3 Be6 8. Bg5 Be7 9. Bxf6 Bxf6 10. 0-0 Nd7 11. Re1 Rc8 12. Qd2 Nb6 13. b3 0-0 14. Rad1 Qd7 15. Bf1 Rfd8 16. Qe3 Qc6 17. Nd5 Nxd5 18. exd5 Bxd5 19. c4 Be6 20. Rc1 h6 21. Bd3 Qc5 22. Be4 Qxe3 23. Rxe3 d5 0-1

[Event "CZE-chT2A 0809"]
[Site "Czech Republic"]
[Date "2009.02.22"]
[Round "9.5"]
[White "Hess, Pavel"]
[Black "Krasnay, Peter"]
[Result "0-1"]
[WhiteElo "1875"]
[BlackElo "2117"]
[PlyCount "64"]
[EventDate "2008.10.12"]
[EventType "team-tourn"]
[EventRounds "11"]
[EventCountry "CZE"]
[SourceTitle "EXT 2010"]
[Source "ChessBase"]
[SourceDate "2010.11.25"]
[SourceVersion "1"]
[SourceVersionDate "2010.11.25"]
[SourceQuality "1"]
[WhiteTeam "Ceske Budejovice II"]
[BlackTeam "Praha Dukla"]
[WhiteTeamCountry "CZE"]
[BlackTeamCountry "CZE"]

1. e4 c5 2. Nf3 Nc6 3. d4 cxd4 4. Nxd4 Nf6 5. Nc3 e5 6. Ndb5 d6 7. Bg5 a6 8. Na3 b5 9. Nd5 Be7 10. Bxf6 Bxf6 11. c3 0-0 12. Nc2 Rb8 13. Be2 Bg5 14. Nce3 a5 15. a4 b4 16. Bb5 Bb7 17. Nf5 g6 18. h4 gxf5 19. hxg5 Qxg5 20. Rh5 Qxg2 21. Nf6+ Kg7 22. Rxh7+ Kg6 23. exf5+ Kxf5 24. Rh5+ Ke6 25. Bc4+ Ke7 26. Nd5+ Kd7 27. Nf6+ Kc7 28. Bf1 Qg6 29. Nd5+ Kd8 30. Bd3 f5 31. cxb4 Nd4 32. Ne3 Nf3+ 0-1

[Event "Tabor op"]
[Site "Tabor"]
[Date "2008.08.01"]
[Round "7"]
[White "Slajs, Vlastimil"]
[Black "Hess, Pavel"]
[Result "1/2-1/2"]
[WhiteElo "2009"]
[BlackElo "1875"]
[PlyCount "96"]
[EventDate "2008.07.26"]
[EventType "swiss"]
[EventRounds "9"]
[EventCountry "CZE"]
[SourceTitle "CBM 125 Extra"]
[Source "ChessBase"]
[SourceDate "2008.09.01"]
[SourceVersion "1"]
[SourceVersionDate "2008.09.01"]
[SourceQuality "1"]

1. d4 Nf6 2. c4 g6 3. Nc3 Bg7 4. e4 d6 5. Be2 0-0 6. Bg5 Nbd7 7. Qd2 c5 8. Nf3 cxd4 9. Nxd4 Nc5 10. f3 Qa5 11. Be3 e5 12. Nc2 Ne6 13. 0-0 Nh5 14. g3 Nef4 15. gxf4 exf4 16. Bxf4 Nxf4 17. Qxf4 Be5 18. Qe3 g5 19. Qxg5+ Kh8 20. Kh1 Bxc3 21. Qxa5 Bxa5 22. Rad1 f5 23. Rxd6 fxe4 24. fxe4 Re8 25. Bf3 Bc7 26. Rd3 Be5 27. b4 Be6 28. Ne3 Rac8 29. c5 b6 30. cxb6 axb6 31. a4 Ra8 32. Rfd1 Rxa4 33. Rd8 Ra8 34. Rxe8+ Rxe8 35. Nd5 Rf8 36. Bg2 Bd6 37. b5 Bc5 38. h4 Rd8 39. Bf3 Bxd5 40. exd5 Kg7 41. Ra1 h6 42. Ra7+ Kf6 43. Kg2 Rd6 44. Kg3 Be3 45. Be4 Ke5 46. Kf3 Bc5 47. Re7+ Kd4 48. Re6 Rxe6 1/2-1/2

[Event "Tabor op"]
[Site "Tabor"]
[Date "2007.08.05"]
[Round "9"]
[White "Hess, Pavel"]
[Black "Prochazka, Pavel"]
[Result "1/2-1/2"]
[WhiteElo "1924"]
[BlackElo "1647"]
[PlyCount "93"]
[EventDate "2007.07.29"]
[EventType "swiss"]
[EventRounds "9"]
[EventCountry "CZE"]
[SourceTitle "EXT 2009"]
[Source "ChessBase"]
[SourceDate "2008.11.26"]
[SourceVersion "1"]
[SourceVersionDate "2008.11.26"]
[SourceQuality "1"]

1. e4 e5 2. Nf3 Nf6 3. Nxe5 d6 4. Nf3 Nxe4 5. d4 d5 6. Bd3 Be7 7. Qe2 Nf6 8. 0-0 0-0 9. Ne5 Kh8 10. Bg5 Nbd7 11. f4 Ng8 12. Qh5 g6 13. Bxg6 fxg6 14. Nxg6+ Kg7 15. Nxf8 Qxf8 16. Nc3 c6 17. Rae1 Qf7 18. Qg4 Kh8 19. Bxe7 Nxe7 20. Qe6 Qxe6 21. Rxe6 Ng8 22. Re8 Kg7 23. Rfe1 Nb6 24. h3 Nf6 25. R1e7+ Kg6 26. Rf8 Bf5 27. Rxa8 Nxa8 28. Rxb7 Nb6 29. b3 Bxc2 30. Rc7 Kf5 31. Rxc6 Ne4 32. Nxe4 Bxe4 33. g3 Bd3 34. Rc7 a6 35. Re7 h6 36. Kf2 Bb1 37. a4 Kf6 38. Rb7 Nc8 39. g4 Bd3 40. h4 h5 41. g5+ Kf5 42. Rc7 Nd6 43. g6 Kxf4 44. Rf7+ Kg4 45. g7 Bh7 46. Rd7 Ne4+ 47. Ke3 1/2-1/2

[Event "Tabor op"]
[Site "Tabor"]
[Date "2007.08.04"]
[Round "8"]
[White "Durchan, Milan"]
[Black "Hess, Pavel"]
[Result "1/2-1/2"]
[WhiteElo "1731"]
[BlackElo "1924"]
[PlyCount "21"]
[EventDate "2007.07.29"]
[EventType "swiss"]
[EventRounds "9"]
[EventCountry "CZE"]
[SourceTitle "EXT 2009"]
[Source "ChessBase"]
[SourceDate "2008.11.26"]
[SourceVersion "1"]
[SourceVersionDate "2008.11.26"]
[SourceQuality "1"]

1. e4 c5 2. Nc3 Nc6 3. f4 d6 4. Nf3 g6 5. Bc4 Nf6 6. 0-0 Bg7 7. f5 Ne5 8. Nxe5 dxe5 9. d3 gxf5 10. exf5 Qd4+ 11. Kh1 1/2-1/2

[Event "Tabor op"]
[Site "Tabor"]
[Date "2007.07.31"]
[Round "4"]
[White "Hess, Pavel"]
[Black "Krupa, Bartlomiej"]
[Result "1-0"]
[WhiteElo "1924"]
[BlackElo "2086"]
[PlyCount "93"]
[EventDate "2007.07.29"]
[EventType "swiss"]
[EventRounds "9"]
[EventCountry "CZE"]
[SourceTitle "EXT 2009"]
[Source "ChessBase"]
[SourceDate "2008.11.26"]
[SourceVersion "1"]
[SourceVersionDate "2008.11.26"]
[SourceQuality "1"]

1. e4 c5 2. Nf3 d6 3. d4 cxd4 4. Nxd4 Nf6 5. Nc3 a6 6. Bg5 e6 7. f4 Be7 8. Qf3 h6 9. Bh4 g5 10. fxg5 Nfd7 11. Nxe6 fxe6 12. Qh5+ Kf8 13. Bc4 Ne5 14. 0-0+ Kg8 15. Nd5 hxg5 16. Nxe7+ Qxe7 17. Bxg5 Rxh5 18. Bxe7 Nbc6 19. Be2 Rh7 20. Rf8+ Kg7 21. Bxd6 Rh8 22. Raf1 Bd7 23. Rxa8 Rxa8 24. c3 Nf7 25. Bc5 b5 26. Bd4+ Nxd4 27. cxd4 Ng5 28. h4 Nh7 29. Rc1 Rc8 30. Rxc8 Bxc8 31. Kf2 Bb7 32. Ke3 Nf6 33. Bf3 Bc6 34. Kf4 Kf7 35. g4 Be8 36. g5 Nd7 37. Bh5+ Ke7 38. Bxe8 Kxe8 39. h5 Kf8 40. g6 Kg8 41. b4 Kf8 42. Kg5 Kg8 43. d5 exd5 44. exd5 Kf8 45. h6 Kg8 46. Kf5 Nf8 47. g7 1-0

[Event "Tabor op"]
[Site "Tabor"]
[Date "2007.07.30"]
[Round "3"]
[White "Rosenzweig, Vladimir L"]
[Black "Hess, Pavel"]
[Result "1/2-1/2"]
[WhiteElo "2142"]
[BlackElo "1924"]
[PlyCount "42"]
[EventDate "2007.07.29"]
[EventType "swiss"]
[EventRounds "9"]
[EventCountry "CZE"]
[SourceTitle "EXT 2009"]
[Source "ChessBase"]
[SourceDate "2008.11.26"]
[SourceVersion "1"]
[SourceVersionDate "2008.11.26"]
[SourceQuality "1"]

1. e4 c5 2. Nf3 d6 3. d4 cxd4 4. Qxd4 Nc6 5. Bb5 Bd7 6. Bxc6 Bxc6 7. Nc3 e6 8. Bg5 Nf6 9. 0-0-0 h6 10. Bh4 Be7 11. Rhe1 Qa5 12. Nd2 Qh5 13. Bg3 0-0 14. f3 Rfd8 15. Nb3 d5 16. e5 Nd7 17. Kb1 a6 18. Qe3 Rac8 19. Ne2 Qg6 20. Nf4 Qh7 21. Nd4 Bc5 1/2-1/2

[Event "CZE-ch U16"]
[Site "Sec u Chrudimi"]
[Date "2007.03.12"]
[Round "3"]
[White "Bednar, Marcel"]
[Black "Hess, Pavel"]
[Result "1/2-1/2"]
[WhiteElo "1886"]
[BlackElo "1751"]
[PlyCount "80"]
[EventDate "2007.03.10"]
[EventType "swiss"]
[EventRounds "9"]
[EventCountry "CZE"]
[SourceTitle "EXT 2008"]
[Source "ChessBase"]
[SourceDate "2007.11.25"]
[SourceVersion "1"]
[SourceVersionDate "2007.11.25"]
[SourceQuality "1"]

1. d4 d5 2. Nf3 Nf6 3. c4 e6 4. Nc3 b6 5. cxd5 exd5 6. Bg5 Be7 7. e3 Bb7 8. Bb5+ c6 9. Bd3 h6 10. Bf4 0-0 11. 0-0 Nbd7 12. Rc1 Nh5 13. Ne5 Nxf4 14. exf4 Nxe5 15. fxe5 c5 16. Bb1 cxd4 17. Qxd4 Bc5 18. Qd3 g6 19. Rce1 Qg5 20. Kh1 f5 21. f4 Qd8 22. a3 d4 23. Ba2+ Kg7 24. Ne2 Be4 25. Qd2 b5 26. Ng3 Bd5 27. Bxd5 Qxd5 28. Qd3 a6 29. Rc1 Bb6 30. Rc2 Rfc8 31. Rfc1 Rxc2 32. Rxc2 Ra7 33. Ne2 Qe4 34. Rd2 Rc7 35. h3 Qxd3 36. Rxd3 Rd7 37. Kg1 Kf7 38. Kf1 Ke6 39. Ke1 g5 40. g3 Kd5 1/2-1/2

[Event "CZE-ch U16"]
[Site "Sec u Chrudimi"]
[Date "2007.03.11"]
[Round "2"]
[White "Hess, Pavel"]
[Black "Svoboda, Vaclav1111"]
[Result "0-1"]
[WhiteElo "1751"]
[BlackElo "2129"]
[PlyCount "84"]
[EventDate "2007.03.10"]
[EventType "swiss"]
[EventRounds "9"]
[EventCountry "CZE"]
[SourceTitle "EXT 2008"]
[Source "ChessBase"]
[SourceDate "2007.11.25"]
[SourceVersion "1"]
[SourceVersionDate "2007.11.25"]
[SourceQuality "1"]

1. e4 c5 2. Nf3 Nc6 3. d4 cxd4 4. Nxd4 Qb6 5. c3 Nf6 6. Qd3 e6 7. Nd2 a6 8. N2b3 d5 9. exd5 Nxd5 10. Be2 Be7 11. 0-0 0-0 12. Nxc6 bxc6 13. Qg3 Bf6 14. Nd2 a5 15. Ne4 Kh8 16. Bd3 Ba6 17. c4 Qd4 18. Nxf6 Nxf6 19. Rd1 Rad8 20. Qf3 Bxc4 21. Be3 Qd5 22. Bxc4 Qxc4 23. Rxd8 Rxd8 24. Bg5 Qd5 25. Bxf6 Qxf3 26. Bxg7+ Kxg7 27. gxf3 Rd2 28. b3 Rc2 29. Kg2 Kf6 30. Kg3 Ke5 31. f4+ Ke4 32. Re1+ Kd3 33. Re5 Rxa2 34. Rh5 Ra3 35. Rxh7 Rxb3 36. Rxf7 c5 37. h4 c4 38. h5 c3 39. h6 c2 40. Rc7 Kd2+ 41. Kg4 c1Q 42. Rxc1 Kxc1 0-1